2018 NHL Entry Draft 1st Round Selections - Statistics

General Stats
  • This quiz has been taken 782 times
  • The average score is 13 of 31
Answer Stats
Pick Player Junior Team NHL Team % Correct
1 Rasmus Dahlin Frolunda HC Buffalo Sabres
98%
2 Andrei Svechnikov Barrie Colts Carolina Hurricanes
88%
4 Brady Tkachuk Boston University Ottawa Senators
81%
3 Jesperi Kotkaniemi Assat Montreal Canadiens
77%
7 Quintin Hughes University of Michigan Vancouver Canucks
77%
6 Filip Zadina Halifax Mooseheads Detroit Red Wings
63%
5 Barrett Hayton Sault Ste. Marie Greyhounds Arizona Coyotes
62%
10 Evan Bouchard London Knights Edmonton Oilers
57%
12 Noah Dobson Acadie–Bathurst Titan New York Islanders
56%
11 Oliver Wahlstrom USNTDP New York Islanders
49%
8 Adam Boqvist Brynas IF Chicago Blackhawks
48%
9 Vitali Kravtsov Traktor Chelyabinsk New York Rangers
43%
30 Joe Veleno Drummondville Voltigeurs Detroit Red Wings
38%
22 K'Andre Miller USNTDP New York Rangers
37%
14 Joel Farabee USNTDP Philadelphia Flyers
36%
17 Ty Smith Spokane Chiefs New Jersey Devils
36%
13 Ty Dellandrea Flint Firebirds Dallas Stars
34%
20 Rasmus Kupari Karpat LA Kings
30%
29 Rasmus Sandin Sault Ste. Marie Greyhounds Toronto Maple Leafs
30%
21 Ryan Merkley Guelph Storm San Jose Sharks
30%
15 Grigori Denisenko Lokomotiv Yaroslavl Florida Panthers
29%
16 Martin Kaut Dynamo Pardubice Colorado Avalanche
29%
18 Liam Foudy London Knights Columbus Blue Jackets
27%
31 Alexander Alexeyev Red Deer Rebels Washington Capitals
22%
23 Isac Lundestrom Lulea HF Anaheim Ducks
21%
26 Jacob Bernard-Docker Okotoks Oilers Ottawa Senators
20%
28 Nils Lundkvist Lulea HF New York Rangers
20%
19 Jay O'Brien Thayer Academy Philadelphia Flyers
19%
25 Dominik Bokk Vaxjo Lakers St Louis Blues
18%
27 Nicolas Beaudin Drummondville Voltigeurs Chicago Blackhawks
18%
24 Filip Johansson Leksands IF Minnesota Wild
14%
No matching quizzes found
Score Distribution
Percent of People with Each Score
Percentile by Number Answered
Your Score History
You have not taken this quiz